000 00500nam a2200157 4500
001 132034
003 ES-MaACL
005 20230906194106.0
007 t|
008 070214s1971 sp r ||||1| spa d
100 1 _aRodríguez Rodríguez, Alfonso M.
_998763
245 1 0 _aAnálisis matemático para economistas /
_cAlfonso M. Rodríguez Rodríguez.
_n, . I.
260 _aBarcelona :
_b[s. n.],
_c1971 (
_eValencia :
_fFacsímil)
300 _a1 v. ;
_c22 cm.
852 _aES-MaACL
_jP-1755
_bR.90272
999 _c132034
_d132034